书目信息 |
| 题名: |
义务教育信息科技课程标准
|
|
| 作者: | ;中华人民共和国教育部 制定 | |
| 分册: | ||
| 出版信息: | 北京 北京师范大学出版社 2022 |
|
| 页数: | 67页 | |
| 开本: | 26cm | |
| 丛书名: | ||
| 单 册: | ||
| 中图分类: | G633.673 , G632.3 | |
| 科图分类: | ||
| 主题词: | 计算机课--课程标准--中小学 | |
| 电子资源: | ||
| ISBN: | 978-7-303-27594-6 | |
| 000 | 00844nam0 2200241 450 | |
| 001 | 012024000938 | |
| 005 | 20241120093608.31 | |
| 010 | @a978-7-303-27594-6@dCNY13.00 | |
| 100 | @a20241119d2022 em y0chiy50 ea | |
| 101 | 0 | @achi |
| 102 | @aCN@b110000 | |
| 105 | @ay z 000yy | |
| 106 | @ar | |
| 200 | 1 | @a义务教育信息科技课程标准@Ayi wu jiao yu xin xi ke ji ke cheng biao zhun@e2022年版@f中华人民共和国教育部制定 |
| 210 | @a北京@c北京师范大学出版社@d2022 | |
| 215 | @a67页@d26cm | |
| 330 | @a本书内容包括:课程性质、课程理念、课程目标、课程内容、学业质量、课程实施。 | |
| 606 | 0 | @a计算机课@x课程标准@x中小学 |
| 690 | @aG633.673@v5 | |
| 690 | @aG632.3@v4 | |
| 711 | 02 | @a中华人民共和国教育部@Azhong hua ren min gong he guo jiao yu bu@4制定 |
| 801 | 0 | @aCN@bAHXH@c20241119 |
| 905 | @b214174150@b214174141@b214174132@dG632.3@e1579@f3 | |
| 义务教育信息科技课程标准:2022年版/中华人民共和国教育部制定.-北京:北京师范大学出版社,2022 |
| 67页;26cm |
| ISBN 978-7-303-27594-6:CNY13.00 |
| 本书内容包括:课程性质、课程理念、课程目标、课程内容、学业质量、课程实施。 |
| ● |
| 相关链接 |
|
|
|
|
正题名:义务教育信息科技课程标准
索取号:G632.3/1579
 
预约/预借
| 序号 | 登录号 | 条形码 | 馆藏地/架位号 | 状态 | 备注 |
| 1 | 1417413 | 214174132 | 第一样本阅览室/ [索取号:G632.3/1579] | 在馆 | |
| 2 | 1417414 | 214174141 | 第四借阅区/ [索取号:G632.3/1579] | 在馆 | |
| 3 | 1417415 | 214174150 | 第四借阅区/ [索取号:G632.3/1579] | 在馆 |